Statistiques concernant Focus sur: J.K. Rowling - Harry Potter

Cliquez ici pour prendre le quiz!

Statistiques générales

  • Ce quiz a été pris 65 fois
  • Le résultat moyen est 17 sur 38

Statistiques - réponses

Informations recherchéesRéponses% Correct
Couleur des cheveuxBlond
94%
Couleur des yeuxBleu
92%
ProfessionEcrivain/Scénariste
90%
NationalitéAnglaise
85%
Maison attitréeGryffondor
81%
Maison de coeurPoufsouffle
79%
Harry Potter et les Reliques de la Mort
75%
Filmographie
(production et/ou
scénarisation)
Harry Potter et les Reliques de la Mort (partie 1)
75%
Harry Potter et les Reliques de la Mort (partie 2)
75%
Harry Potter et la Chambre des secrets
71%
Harry Potter et la Coupe de Feu
71%
Harry Potter et le Prince de Sang-Mêlé
71%
Harry Potter et le prisonnier d'Azkaban
71%
BibliographieHarry Potter à l'école des sorciers
69%
Harry Potter et l'Ordre du Phénix
69%
Les Animaux fantastiques: les Crimes de Grindelwald
65%
PrénomJoanne
62%
MèreAnne Rowling
58%
Les Animaux fantastiques
58%
Les Animaux fantastiques 1
58%
Année de naissance1965
44%
Les Animaux fantastiques 3
37%
Les Contes de Beedle le Barde
33%
Le Quidditch à travers les âges
31%
FilleJessica
17%
L'ickabog
15%
FilsDavid
13%
FilleMackenzie
13%
SœurDianne Rowling
12%
Une place à prendre
12%
La Carrière du mal
10%
EpouxNeil Murray
10%
Ex-épouxJorge Arantes
8%
L'Appel du Coucou
8%
Le Ver à soie
6%
PèrePeter Rowling
6%
Blanc mortel
2%
A love letter to Europe
0%

Distribution des résultats

Percentile par nombre de réponses

% des personnes avec chaque résultat

Votre développement - résultats

Vous n’avez pas pris ce quiz